000 00370nam a2200157Ia 4500
008 250916s9999 xx 000 0 und d
020 _a978-1-292-40198-0
082 _a658.15
100 _aWarner, Stuart
245 4 _aThe finance book
250 _a2nd
260 _aSingapor:
_bPearson education,
_c2022
300 _a510 p.
600 _aManagement
942 _cBK
999 _c31564
_d31564